00388nam a2200133Ia 4500008004100000020001500041041001200056082001600068100002000084245008900104260003200193300000800225650002100233221030s9999 xx 000 0 und d a8170081858 aEnglish a105.23bPac aV. K. Pachghare 0aComprehensive Computer Graphics (Including C++) ( DEPARTMENTAL )cby V. K. Pachghare bLaxmi Pub.aNew Delhic2004 a224 aCSE Departmental